Responses for Show #3968 - Wednesday, November 28, 2001

(Cheryl: This is Cheryl from the Jeopardy! Clue Crew, and we're at Sea World, where the entertainers get paid in fish. Anyone got change for a fin?)

Contestants

[<< previous game]

Trish Miller, an administrative assistant from Boston, Massachusetts

Susan Rathke, a residential caregiver from Madison, Wisconsin

Rebekah Lacey, an environmental scientist from Boston, Massachusetts (whose 1-day cash winnings total $20,800)

[next game >>]

Jeopardy! Round responses

U.S. SKYLINE TOURS
FUN WITH COLORS
4-LETTER ORGANIZATIONS
"OW"
YOU HIT ME IN THE FACE!
IS THERE A DOCTOR IN THE HOUSE?
    $200 16
Seattle

Trish
    $200 1
NYPD Blue

Rebekah
    $200 21
CORE (Congress of Racial Equality)

Susan
    $200 11
Tower of Babel

Susan
    $200 6
Zsa Zsa Gabor

Susan
    $200 26
doctor of veterinary medicine

Rebekah
    $400 17
San Francisco

Susan
    $400 2
gray area

Rebekah
    $400 22
RCMP (Royal Canadian Mounted Police)

Triple Stumper
    $400 12
blowhole

Trish
    $400 7
Chinatown

Susan
    $400 27
doctor of education

Trish
    $600 18
New York City

Trish
    $600 3
(Trish: Who are the Toronto Red Wings?)
(Alex: It's the Toronto Maple Leafs.)

Detroit Red Wings

SusanTrish
    $600 23
Economic

Trish
    $600 13
Powell

Rebekah
    $600 8
Cher

Susan
    $600 28
(Trish: What is doctor of divinity...[*]?)
(Alex: That's what we were going for.)

doctor of theology

Trish
    $800 19
Chicago

Susan
    $800 4
purple haze

Susan
    $800 24
(Alex: Less than a minute now.)

Welfare

Rebekah
    $800 14
(Alex: It just occurs to me that a moment ago I said "Boog, Colin or Bud", when I should have said "Colin or Bud"; sorry, Mr. Secretary!)

rainbow

Susan
    $1,000 9
(Alex: The chair won!)

Geraldo Rivera

Susan
    $800 29
doctor of business administration

Trish
    $1000 20
(Trish: What is Chattanooga?)

Atlanta

Trish
Triple Stumper
    $1000 5
"yellow dog" contract

Triple Stumper
    $1000 25
(Rebekah: What is guidance?)

grief

RebekahTrish
    $1000 15
howitzer

Triple Stumper
    $1000 10
Donny Osmond

Susan
    $1000 30
(Alex: Now's the time for that one!)

doctor of divinity

Trish

Scores at the first commercial break (after clue 14):

Rebekah Susan Trish
$1,200 $5,600 -$200

Scores at the end of the Jeopardy! Round:

Rebekah Susan Trish
$1,200 $7,000 $4,000

Double Jeopardy! Round responses

FICTIONAL CHARACTERS
'70s SONGS
(Alex: Alright, good stuff!)
QUEEN ME
FOODSPEAK
MY GOD
(Alex: We name the god or gods, you have to give us the religion in this category.)
BEFORE & AFTER
    $400 11
"Primary Colors"

Rebekah
    $400 5
the Village People

Rebekah
    $400 26
Queen of Sheba

Trish
    $400 21
Cinnabon

Susan
    $400 16
Judaism

Rebekah
    $400 1
The Long and Winding Roadkill

Rebekah
    $800 12
J.D. Salinger

Susan
    $800 6
(Susan: What is "Le Freak?")

"Good Times"

Susan
Triple Stumper
    $800 27
Sheena, Queen of the Jungle

Trish
    $800 22
Dagwood Bumstead

Susan
    $800 17
Hinduism

Rebekah
    $800 2
(Susan: What is the Supreme Justice League of America?)
(Alex: You left out "court".)

the Supreme Court Justice League of America

RebekahSusan
    $1200 13
Las Vegas

Rebekah
    $1,000 7
"That's the Way (I Like It)"

Rebekah
    $1200 28
Queen Victoria

Susan
    $1200 23
(Alex: Minute to go now.)

hamburger

Trish
    $1200 18
(Rebekah: What is Confucianism?)

Taoism

RebekahSusan
    $1200 3
A Christmas Carol Brady

Rebekah
    $1,000 14
"Forrest Gump"

Rebekah
    $1600 9
a Heart of Gold

Trish
    $1600 29
Nefertiti

Trish
    $1600 24
cottage cheese

Rebekah
    $1600 19
(Trish: What is Baha'i?)

Buddhism

Trish
Triple Stumper
    $1600 4
Joe Friday the 13th

Susan
    $2000 15
"The Unbearable Lightness of Being"

Susan
    $2000 10
Luckenbach

Triple Stumper
    $2000 30
(Rebekah: Who is Helen?)

Hecuba

RebekahSusan
    $2000 25
burnt creme

Rebekah
    $2000 20
(Alex: Not automoblilsm!)

Zoroastrianism

Triple Stumper
    $2000 8
The Joy of Sex Pistols

Rebekah

Scores at the end of the Double Jeopardy! Round:

Rebekah Susan Trish
$11,200 $15,400 $8,000

[wagering suggestions for these scores]

Final Jeopardy! Round responses

ACTRESSES
(Alex: For 1933's "King Kong".)
TrishWho is Faye [Wray] Ray?
$7,000
RebekahWho is Julia Roberts
$5,000
SusanWho was Fay Wray
$8,000
Fay Wray

Final scores:

Rebekah Susan Trish
$6,200 $23,400 $15,000
3rd place: Trip to Grand Summit Ski Resort, New Hampshire New champion: $23,400 2nd place: Trip to Madrid, Spain

Game dynamics:

Coryat scores:

Rebekah Susan Trish
$12,000 $15,200 $8,000
18 R
(including 2 DDs),
3 W
20 R
(including 1 DD),
2 W
14 R,
3 W

Combined Coryat: $35,200

[game clues] [game scores] [suggest correction]

Game tape date: 2001-08-29
The J! Archive is created by fans, for fans. Scraping, republication, monetization, and malicious use prohibited; this site may use cookies and collect identifying information. See terms. The Jeopardy! game show and all elements thereof, including but not limited to copyright and trademark thereto, are the property of Jeopardy Productions, Inc. and are protected under law. This website is not affiliated with, sponsored by, or operated by Jeopardy Productions, Inc. Join the discussion at JBoard.tv.